| 000 | 00470nam a2200169 i 4500 | ||
|---|---|---|---|
| 001 | 148346 | ||
| 003 | ES-MaACL | ||
| 005 | 20230906202555.0 | ||
| 007 | t| | ||
| 008 | 070214s1956 sp |||| | spa d | ||
| 100 | 1 |
_aSteen, Margueritte. _9107981 |
|
| 245 | 1 | 0 |
_aToros de parral / _cMargueritte Steen ; versión de Rosa Samper. |
| 260 |
_aBarcelona : _bCisne, _c1956. |
||
| 300 |
_a303 p. ; _c18 cm. |
||
| 700 | 1 |
_aSamper, Rosa. _9102194 |
|
| 852 |
_aES-MaACL _jC-11632 |
||
| 999 |
_c148346 _d148346 |
||